Información en Braille - ONPE (Registro nro. 22060)

Detalles MARC
000 -Cabecera
Campo de control interno 00828nam a2200265Ia 4500
005 - Fecha y hora del registro
control field 20260320113338.0
008 - Elementos de Longitud Fija
fixed length control field 260320s9999||||xx |||||||||||||| ||und||
041 ## - Idioma
Codigo Idioma ESP
082 ## - DEWEY y NOTACIÓN INTERNA
Dewey HF 324.04985
Notación Interna O634
100 ## - AUTOR
Autor denominación
Término de relación
110 ## - AUTOR INSTTITUCIONAL
Autor Institucional Oficina Nacional de Procesos Electorales
245 #0 - TÍTULO DE MATERIAL BIBLIOGRÁFICO
Título Información en Braille - ONPE
Título paralelo
246 ## - TÍTULO TRADUCIDO
Título
Título paralelo
Autor
260 ## - CIUDAD, EDITORIAL, AÑO
Ciudad Lima :
Nombre de la Editorial ONPE,
Año 2025
300 ## - DESCRIPCIÓN
N° Páginas 1 hoja :
Otros detalles ilustraciones ;
Dimensiones 30 cm.
Material Adicional afiches, flyers.
440 ## - MENCIÓN DE SERIE
Título de la Serie
Número de Serie
Volumen de Serie
505 ## - TABLA DE CONTENIDO
Tabla de Contenido Incluye 11 cartillas
650 ## - TEMAS
Temas Ciencias Sociales
653 ## - DESCRIPTORES
Lenguajes no controlado Ciencias política; Elecciones; Oficina Nacional de Procesos Electorales; Braille
654 ## - PROGRAMAS
Programa
700 ## - OTROS AUTORES
Otros autores
Títulos y otras palabras asociadas con el nombre
856 ## - URL - UBICACIÓN
URI/URL: Enlace exacto del recurso <a href="https://0u214oyjo-y-https-app-vlex-com.itmsp.museknowledge.com/">https://0u214oyjo-y-https-app-vlex-com.itmsp.museknowledge.com/</a>
Nota pública: Versión digital <a href="Véase además: Base de datos Vlex">Véase además: Base de datos Vlex</a>
942 ## - ELEMENTOS DE KOHA
Tipo de documento Folleto
Nombre del creador Justo Noguera
Código de catalogador Margarita Torres
Esquema de clasificación Dewey Decimal Classification
Suppress in OPAC
Existencias
Codigo completo Registro Colección Copia número Disponibilidad Tipo de préstamo Biblioteca Actual Procedencia (Biblioteca) Ubicacón Fecha Ingreso Tipo de Adquisición Date last seen Total checkouts Price effective from Tipo de Item Estado del Material Fuente de Clasificación Damaged status Withdrawn status
HF 324.04985 O634 1087466 Universidad Católica San Pablo 1 Disponible Disponible Víctor Andrés Belaunde Víctor Andrés Belaunde Planta baja cerrada 10/03/2026 Donación 20/03/2026   20/03/2026 Folleto Bueno Dewey Decimal Classification